Precalculus / (Record no. 31161)
[ view plain ]
| 000 -LEADER | |
|---|---|
| fixed length control field | 00592nam a22002177a 4500 |
| 008 - FIXED-LENGTH DATA ELEMENTS--GENERAL INFORMATION | |
| fixed length control field | 220224b |||||||| |||| 00| 0 eng d |
| 020 ## - INTERNATIONAL STANDARD BOOK NUMBER | |
| International Standard Book Number | 9780618025851 |
| 050 ## - LIBRARY OF CONGRESS CALL NUMBER | |
| Classification number | QA 39.2 .L37 2001 |
| 100 ## - MAIN ENTRY--PERSONAL NAME | |
| Personal name | Larson, Ron |
| 245 ## - TITLE STATEMENT | |
| Title | Precalculus / |
| 250 ## - EDITION STATEMENT | |
| Edition statement | 5th ed. |
| 260 ## - PUBLICATION, DISTRIBUTION, ETC. (IMPRINT) | |
| Place of publication, distribution, etc. | US: |
| Name of publisher, distributor, etc. | Houghton Mifflin, |
| Date of publication, distribution, etc. | 2001. |
| 300 ## - PHYSICAL DESCRIPTION | |
| Extent | xxi,1035p. : |
| Other physical details | ill. ; |
| Dimensions | 37cm |
| 500 ## - GENERAL NOTE | |
| General note | includes bibliographical references and index. |
| 600 ## - SUBJECT ADDED ENTRY--PERSONAL NAME | |
| Source of heading or term | Maths |
| 700 ## - ADDED ENTRY--PERSONAL NAME | |
| Personal name | Hostetler |
| 700 ## - ADDED ENTRY--PERSONAL NAME | |
| Personal name | Robert P |
| 700 ## - ADDED ENTRY--PERSONAL NAME | |
| Personal name | Heyd |
| 700 ## - ADDED ENTRY--PERSONAL NAME | |
| Personal name | Robert P |
| 942 ## - ADDED ENTRY ELEMENTS (KOHA) | |
| Source of classification or shelving scheme | |
| Koha item type | Hard Covered Materials |
| Classification part | QA 39.2 .L37 2001 |
| Withdrawn status | Lost status | Source of classification or shelving scheme | Damaged status | Not for loan | Home library | Current library | Shelving location | Date acquired | Source of acquisition | Total Checkouts | Full call number | Barcode | Date last seen | Date last checked out | Price effective from | Koha item type |
|---|---|---|---|---|---|---|---|---|---|---|---|---|---|---|---|---|
| MACHAKOS UNIVERSITY LIBRARY | MACHAKOS UNIVERSITY LIBRARY | Open shelf | 24/02/2022 | Damaris Mwanza | 3 | QA 39.2 .L37 2001 | 23775 | 26/11/2022 | 17/11/2022 | 24/02/2022 | Hard Covered Materials |